Mujer y neoliberalismo /

Guardat en:
Dades bibliogràfiques
Autor principal: Navia Velasco, Carmiña
Format: Text
Matèries:
Etiquetes: Afegir etiqueta
Sense etiquetes, Sigues el primer a etiquetar aquest registre!

MARC

LEADER 00000 a a2200000 04500
001 11939
003
040
100 |a Navia Velasco, Carmiña  
245 |a Mujer y neoliberalismo /  |c Carmiña Navia Velasco 
650 |a NEOLIBERALISMO  
650 |a MUJERES  
650 |a ECONOMIA  
773 |g número 90; páginas 24-30  
999 |c 30706  |d 30706 
773 0 |0 41641  |9 2541  |a Departamento Ecuménico de Investigaciones (DEI)  |d San José, Costa Rica Departamento Ecuménico de Investigaciones (DEI)  |o 20164  |t Pasos /